000 00989nam a22003137a 4500
003 CHAP
005 20220329134059.0
008 971013s1967 r 00010 d
010 _a15126
011 _a16098
035 _a20176
040 _cCHAP
082 _a530
_bG7
100 0 0 _aS'Gravesande, G. J.
_9101058
245 _aElemens de physique, on introduction a la phylosophie de Newton
260 _aParis :
_bChez Charles Antoine Jombert,
_c1967
300 _a2 v.
_b: ilus
590 _aBATCH-UPD
_b10
_c20130109
_lUCH01
_h2342
590 _aBATCH-UPD
_b10
_c20130110
_lUCH01
_h1405
590 _aBATCH-UPD
_b10
_c20130410
_lUCH01
_h0854
590 _aBATCH-UPD
_b10
_c20130914
_lUCH01
_h1421
590 _aCONVERSION
_b10
_c20130109
_lUCH01
_h1310
650 1 4 _aFĂ­sica.
_941975
700 0 _aNewton, Isaac.
_981104
901 _aBK
942 _cLIBRO
949 _a530 G7
_bBC
_cBPA
_d-137209
_eBPA
_fv.2
_h7575
_i20176
_si
949 _a530 G7
_bBC
_cBPA
_d-47107
_eBPA
_fv.1
_h7579
_i20176
_si
999 _c15126
_d15126